Les accords generaux d'emprunt /

Cette brochure porte sur le role des premiers accords d'emprunt du FMI, qui ont aussi ete ceux de plus longue duree, les accords generaux d'emprunt (AGE), depuis leur introduction en 1961-62 jusqu'a leur reforme fondamentale et leur extension en 1983. Les accords generaux repondaient...

Fuld beskrivelse

Bibliografiske detaljer
Hovedforfatter: Ainley, Michael
Format: Tidsskrift
Sprog:English
Udgivet: Washington, D.C. : International Monetary Fund, 1984.
Serier:Pamphlet Series; Pamphlet Series, ; No. 41
Online adgang:Full text available on IMF
LEADER 01801cas a2200253 a 4500
001 AALejournalIMF005388
008 230101c9999 xx r poo 0 0eng d
020 |c 5.00 USD 
020 |z 9781451924831 
022 |a 0252-2985 
040 |a BD-DhAAL  |c BD-DhAAL 
100 1 |a Ainley, Michael. 
240 1 0 |a Les accords generaux d'emprunt.  |l French 
245 1 0 |a Les accords generaux d'emprunt /  |c Michael Ainley. 
264 1 |a Washington, D.C. :  |b International Monetary Fund,  |c 1984. 
300 |a 1 online resource (108 pages) 
490 1 |a Pamphlet Series 
500 |a <strong>Off-Campus Access:</strong> No User ID or Password Required 
500 |a <strong>On-Campus Access:</strong> No User ID or Password Required 
506 |a Electronic access restricted to authorized BRAC University faculty, staff and students 
520 3 |a Cette brochure porte sur le role des premiers accords d'emprunt du FMI, qui ont aussi ete ceux de plus longue duree, les accords generaux d'emprunt (AGE), depuis leur introduction en 1961-62 jusqu'a leur reforme fondamentale et leur extension en 1983. Les accords generaux repondaient aux necessites du moment. Ils avaient pour objectif de permettre au FMI de remedier aux tensions croissantes qui apparaissaient au sein du regime des parites fixes, en raison des difficultes latentes de balance des paiements eprouvees par les deux principaux centres de reserve, a savoir les Etats-Unis et le Royaume-Uni. Les accords generaux d'emprunt ont ete renforces en 1964 par la participation de la Suisse, qui n'est pas membre du FMI. 
538 |a Mode of access: Internet 
830 0 |a Pamphlet Series; Pamphlet Series, ;  |v No. 41 
856 4 0 |z Full text available on IMF  |u http://elibrary.imf.org/view/books/054/07022-9781451924831-fr/07022-9781451924831-fr-book.xml  |z IMF e-Library